000 01032nam a22003017a 4500
003 CHAP
005 20220329140625.0
008 971013s1983 br r 00010 por d
010 _a54913
011 _a55885
035 _a60038
040 _cCHAP
090 _aFolleto 9526
100 0 0 _aSantos, Jurema Correia
_ecomp.
_9102549
245 1 _aBibliografía de cigarrinhas-das-pastagens e da cana-de-acúcar
_b: (Momoptera:Cercopidae)
260 _aBrasil :
_bComissao Executiva do Plano da Laboura Cacaveira. Centro de Pesquisas do Cacau,
_c1983
300 _a54 p.
590 _aBATCH-UPD
_b10
_c20130110
_lUCH01
_h0058
590 _aBATCH-UPD
_b10
_c20130110
_lUCH01
_h0730
590 _aBATCH-UPD
_b10
_c20130409
_lUCH01
_h2047
590 _aBATCH-UPD
_b10
_c20130914
_lUCH01
_h0836
590 _aCONVERSION
_b10
_c20130109
_lUCH01
_h1330
650 1 4 _aCaña de azúcar
_xPlagas
_xBibliografía.
_918637
650 1 4 _aCercopidae.
_921349
901 _aBK
942 _cFOLL
949 _aFolleto 9526
_bBC
_cFOLL
_d-129579
_eTS1
_i60038
_si
999 _c54913
_d54913